Szczegóły MARC21

Rozum populistyczny /

003 -Nazwa inst., której nr kontr. jest w polu 001 [,]
    • @
    • Nazwa instytucji, której n kontrolny jest w polu 001
    • NUKAT
005 -DATA I CZAS OSTATNIEJ MODYFIKACJI [,]
    • @
    • pole kontrolne
    • 20240904012500.0
020 -Międzynarod. znormalizowany nr książki - ISBN [ , ]
    • a
    • Numer ISBN
    • 9788389518842 Find
040 -Instytucja sporządzająca opis [ , ]
    • a
    • Instytucja, która sporządziła opis (NP)
    • SZCZ M/RK
    • c
    • Instytucja, która sporządziła rekord (NP)
    • SZCZ M/RK
    • d
    • Instytucja, która zmodyfikowała rekord (P)
    • WA U/98MAPs
    • d
    • Instytucja, która zmodyfikowała rekord (P)
    • WR U/dl
    • d
    • Instytucja, która zmodyfikowała rekord (P)
    • KR2 53/MH
041 -Język dokumentu [1, ]
    • a
    • Język tekstu (P)
    • polski
    • h
    • Język tekstu oryginalnego i/lub pośredniego (P)
    • angielski
942 -Rodzaj dokumentu [ , ]
    • c
    • Rodzaj dokumentu
    • Książka
100 -Hasło główne - nazwa osobowa [1, ]
    • a
    • Nazwa osobowa (NP)
    • Laclau, Ernesto
    • d
    • Daty biograficzne (NP)
    • (1935-2014).
    • 9
    • KHW
    • 261904
240 -Tytuł ujednolicony [1,0]
    • a
    • Tytuł ujednolicony
    • On populist reason
    • l
    • Język tekstu
    • (pol.)
245 -Strefa tytułu i oznaczenia odpowiedzialności [1,0]
    • a
    • Tytuł
    • Rozum populistyczny / Find
    • c
    • Pozostałe elementy strefy tytułu i oznaczenia odpowiedzialności (NP)
    • Ernesto Laclau ; przekł. pod kier. Tomasza Szkudlarka [et al.].
260 -Strefa adresu wydawniczego [ , ]
    • a
    • Miejsce wydania (P)
    • Wrocław :
    • b
    • Nazwa wydawcy (P)
    • Wydawnictwo Naukowe Dolnośląskiej Szkoły Wyższej,
    • c
    • Data wydania (P)
    • cop. 2009.
300 -Strefa opisu fizycznego [ , ]
    • a
    • Określenie formy książki i/lub objętość (NP)
    • XVIII, 215 s. ;
    • c
    • Format (NP)
    • 24 cm.
336 -Typ zawartości [ , ]
    • a
    • Termin opisujący typ zawartości
    • Tekst
    • b
    • Kod określający zawartość
    • txt
    • 2
    • Źródło (terminu i kodu)
    • rdacontent
337 -Typ mediów [ , ]
    • a
    • Tryb odtwarzania
    • Bez urządzenia pośredniczącego
    • b
    • Kod typu mediów
    • n
    • 2
    • Źródło (terminu i kodu)
    • rdamedia
338 -Typ/rodzaj nośnika [ , ]
    • a
    • Hasło opisujące typ nośnika
    • Wolumin
    • b
    • Kod typu nośnika
    • nc
    • 2
    • Źródło (terminu i kodu)
    • rdacarrier
490 -Strefa serii i książki wielotomowej - forma nie do wyszukiwania [1, ]
    • a
    • Tytuł (P)
    • Biblioteka Współczesnej Myśli Społecznej Find
830 -Hasło dodatkowe serii i opisu książki wielotomowej - tytuł ujednolicony/tytuł [ ,0]
    • a
    • Tytuł ujednolicony/tytuł (NP)
    • Biblioteka Współczesnej Myśli Społecznej
    • 9
    • KHW
    • 668
504 -Uwaga dot. bibliogr. załącznikowej [ , ]
    • a
    • Uwaga dot. bibliografii załącznikowej
    • Indeks.
080 -Uniwersalna Klasyfikacja Dziesiętna [ , ]
    • 2
    • Identyfikator wydania tablic
    • UDC-P058
    • a
    • Symbol klasyfikacji
    • 32.019.5
    • b
    • Dopowiedzenie
    • Opinia publiczna. Oddziaływanie polityczne na społeczeństwo. Propaganda. Agitacja. Marketing polityczny.
650 -Hasło przedmiotowe [ , ]
    • a
    • Hasło przedmiotowe
    • Populizm.
    • 9
    • KHW
    • 125089
650 -Hasło przedmiotowe [ , ]
    • a
    • Hasło przedmiotowe
    • Filozofia polityki.
    • 9
    • KHW
    • 108762
980 -Symbol UKD [ , ]
    • a
    • UKD
    • 32.019.5
700 -Hasło dodatkowe - nazwa osobowa [1, ]
    • a
    • Nazwa osobowa (NP)
    • Szkudlarek, Tomasz Find
    • d
    • Daty biograficzne (NP)
    • (1954- ).
    • e
    • Określenie rodzaju współpracy
    • Tł.
    • 9
    • KHW
    • 41882
710 -Hasło dodatkowe - nazwa ciała zbiorowego [2, ]
    • a
    • Nazwa ciała zbiorowego lub nazwa geograficzna jako pierwszy element (NP)
    • Dolnośląska Szkoła Wyższa.
    • b
    • Nazwa jednostki podrzędnej (P)
    • Wydawnictwo Naukowe.
    • 4
    • Kod relacji
    • pbl
    • 9
    • KHW
    • 53588
856 -Dostęp do wersji elektronicznej [4,1]
    • 3
    • Wyszczególnienie materiału
    • Spis treści
920 -ISBN [ , ]
    • a
    • ISBN
    • 978-83-89518-84-2 Find
Data inwentaryzacji Lokalizacja Status udost. Numer inwentarzowy
2009-06-29BG1Pd.20085